| LEADER |
00599nam0a2200169 450 |
| 001 |
16848176 |
| 010 |
|
|
|a 979-1039573597
|b Br.
|d 12,95
|
| 100 |
|
|
|a 20260310d2026 u u0frey01 ba
|
| 101 |
0 |
|
|a fre
|
| 200 |
0 |
|
|a Loup qui voulait être un super magicien (Le)
|f Orianne Lallemand, Eléonore Thuillier
|
| 207 |
|
1 |
|a
|
| 210 |
|
|
|a Paris
|b 24-32, rue des Amandiers
|c Auzou
|d 2026
|
| 700 |
|
0 |
|a Lallemand
|b Orianne
|f 1972-....
|4 70
|
| 701 |
|
0 |
|a Thuillier
|b Eléonore
|4 70
|
| 900 |
|
|
|a Album
|
| 901 |
|
|
|a Accessible au prêt
|
| 995 |
|
|
|a Bibliothèque
|c Bibliothèque
|f 024026116
|h 024026116
|k A LAL
|o p
|q j
|r az
|e Bibliothèque
|